Oxford economics : global scenario service December 2011.

Bibliographic Details
Format: Book
Published: Oxford: Oxford Economics, 2011.
Subjects:
LEADER 00415cam a2200133 7i4500
001 0000028255
005 20120920090000.0
090 0 0 |a I 338.959521   |b OXF 
245 0 0 |a Oxford economics :   |b global scenario service December 2011. 
260 0 0 |a Oxford:   |b Oxford Economics,   |c 2011. 
300 # # |a 27 p. 
650 0 0 |a Economic conditions  
650 0 0 |a Economic forecasting  
999 |a 0000031209  |b Book  |c International  |e Business Information Centre